000 00466nam a2200133 a 4500
008 120416s1969 ||||||||||||||||| || u
050 _aDT 459 Mon
100 _aMondlane, Eduardo
245 1 4 _aThe struggle for Mozambique
260 _aHarmondsworth
_bPenguin
_c1969
300 _a221p. : ill.
350 _a0.00
995 _D0.00
_FCBU-MAIN LIBRARY (Kitwe)
_H1
_I7.95
_UAVAILABLE
_ZMain Library Open Access Collection
999 _c58742
_d58742